| 000 | 00978cam3a220030100 4500 | ||
|---|---|---|---|
| 001 | qce01712952 | ||
| 005 | 20190813175007.0 | ||
| 008 | 740709s1974 gw a 001 0 eng | ||
| 010 | _a 74171909 | ||
| 020 | _a3135096017 | ||
| 035 | _a(Sirsi) r24513 | ||
| 035 | _a(QCAT)lss00631205 | ||
| 035 | _a(UPRA)qce01712952 | ||
| 040 | _dUPRA | ||
| 070 | _aRD103.I5S313 | ||
| 082 | _a617/.15 | ||
| 100 | 1 |
_aSchauwecker, Frank. _6A87090.1 |
|
| 245 | 1 | 4 |
_aThe practice of osteosynthesis : _ba manual of accident surgery. |
| 246 | 3 | 0 | _aOsteosynthesis |
| 260 |
_aStuttgart : _bG. Thieme, _c1974. |
||
| 500 | _aTranslation of Osteosynthese Praxis. | ||
| 650 | 0 |
_aInternal fixation in fractures. _6S62707.1 |
|
| 650 | 0 |
_aBone-grafting. _6S62708.1 |
|
| 650 | 0 |
_aSurgery, Operative. _6S23697.1 |
|
| 700 | 1 |
_aSchauwecker, Frank. Osteosynthese Praxis. _tSchauwecker, Frank. Osteosynthese Praxis. _6A87090.2 |
|
| 949 |
_aRD32 _wLC _i-24254 _mMEDICAL _tBOOK _lON-SHELF |
||
| 004 | 24513 | ||
| 999 |
_c43919 _d43919 |
||